Characters with Most Amiibo - Statistics

General Stats
  • This quiz has been taken 179 times
    153 since last reset
  • The average score is 17 of 31
Answer Stats
# of Amiibo Character % Correct
8 Mario
100%
4 Peach
94%
2 Luigi
93%
13* Link
91%
4 Bowser
90%
4 Zelda
85%
2 Daisy
77%
3 Donkey Kong
77%
2 Wario
76%
6 Yoshi
75%
3 Samus
69%
2 Kirby
68%
2 Pikachu
62%
2 Diddy Kong
58%
3 Inkling Boy
53%
4 Inkling Girl
53%
4 Inkling Squid
53%
4 Isabelle
53%
2* Rosalina
51%
2 Meta Knight
42%
4 Megaman
38%
2 King Dedede
36%
2* Pikmin
35%
2 R.O.B.
31%
2 Bayonetta
25%
2 Cloud
25%
2 Corrin
23%
3 Mii
21%
2 Chrom
19%
2 Shovel Knight
17%
3* One-Eyed Rathalos and Rider
7%
No matching quizzes found
Score Distribution
Percent of People with Each Score
Percentile by Number Answered
Your Score History
You have not taken this quiz since the last reset